Matemáticas y medio: ideas para favorecer el desarrollo cognitivo infantil

La lógica matemática esta relacionada con el desarrollo cognitivo porque ofrece a educadores y niños aquella estructura o marco de relaciones ordenadas que pueden ayudar a construir, enmarcar y referir los distintos significados.

Na minha lista:
Detalhes bibliográficos
Autor principal: Viera, Ana M.
Formato: Livro
Idioma:Spanish
Publicado em: Sevilla: Diada Editoras, 1991
Colecção:Colección investigación y enseñanza. Serie práctica; No. 5
Assuntos:
Acesso em linha:Enlace del recurso
Tags: Adicionar Tag
Sem tags, seja o primeiro a adicionar uma tag!

MARC

LEADER 00000nam a2200000 a 4500
001 000730
008 040622s1991 sp a fr# #000|0#spa#d
020 |a 84-87118-55-0 
041 0 |a spa 
043 |a e-sp--- 
082 0 4 |a 370.152  |b V326m 
100 1 |a Viera, Ana M. 
245 1 0 |a Matemáticas y medio:  |b ideas para favorecer el desarrollo cognitivo infantil   |c Ana M. Viera 
260 |a Sevilla:  |b Diada Editoras,  |c 1991 
300 |a 81 p.:  |b il., gráf., tabl. 
440 0 |a Colección investigación y enseñanza. Serie práctica;  |v No. 5 
504 |a Incluye bibliografía. 
520 3 |a La lógica matemática esta relacionada con el desarrollo cognitivo porque ofrece a educadores y niños aquella estructura o marco de relaciones ordenadas que pueden ayudar a construir, enmarcar y referir los distintos significados. 
650 1 4 |a COGNICIÓN EN NIÑOS  |z ESPAÑA 
650 1 4 |a EDUCACIÓN DE NIÑOS 
999 |c 2882  |d 2882 
856 |u https://catalogo.idep.edu.co/cgi-bin/koha/opac-detail.pl?biblionumber=2882  |z Enlace del recurso